| 000 | 00740cam a2200229 4500 | ||
|---|---|---|---|
| 001 | ABS62330 | ||
| 008 | 000000n2000 000 0 eng u | ||
| 035 | _a(Sirsi) u106175 | ||
| 100 | _aBarnes, Y. | ||
| 245 | 4 | _aThe widening North South gap - myth or reality? | |
| 260 | _c2000 | ||
| 490 |
_aProperty Forecast _v3(5) May 2000, 4-5(2) |
||
| 520 | _aDiscusses the current perceived North South divide in house prices and puts forward other factors which may be creating hotspots. | ||
| 590 | _aABS | ||
| 650 | _aHOUSE PRICES | ||
| 650 | _aNORTH SOUTH DIVIDE | ||
| 650 | _aRURAL HOUSING | ||
| 650 | _aURBAN HOUSING | ||
| 650 | _aFPD SAVILLS | ||
| 690 | _aPROPERTY-RESIDENTIAL PROPERTY-RESIDENTIAL PROPERTY MARKET | ||
| 942 | _n0 | ||
| 999 |
_c63607 _d63607 |
||